00560nam a22001697a 4500003000500000020001900005038001200024082001900036100002500055245008300080260007400163300000900237563000700246942001200253999001900265952010600284NUST a978-7308197441 akhadija a347.5109 bWAN a Wang, Guiguo986526 aDispute resolution mechanism for the belt and road initiative /c Wang, Guiguo aGateway East, Singaporeb Zhejiang University Press : Springerc 2020 a240p aHB 2ddccBK c587371d587371 00102ddc4070aSMMEbSMMEcGENd2021-12-13l0o347.5109 WANpSMME-3672r2021-12-13w2021-12-13yBK